| 000 | 00444nam a2200181Ia 4500 | ||
|---|---|---|---|
| 003 | 0100 | ||
| 008 | 130303s9999 xx 000 0 und d | ||
| 040 | _cARRUPELIB | ||
| 050 | _aHQ1206.O381992 | ||
| 100 | _aOkin, Susan Moller | ||
| 245 | _aWomen in Western political thought | ||
| 260 | _aPrinceton NJ | ||
| 260 | _bPrinceton UP | ||
| 260 | _C1992 | ||
| 300 | _a413p | ||
| 650 | _bShona language -- Dictionaries -- English | ||
| 942 | 0 | 0 | _01 |
| 999 |
_c19892 _d19892 |
||